000 00194 a2200097 4500
020 _a9789996411298
041 _aspa
100 _aBustamante Cortez, Sergio
245 _aTito y Rayo
942 _cBK
999 _c31478
_d31476